000 00729nam a2200241 i 4500
001 140861
003 ES-MaACL
005 20230906200152.0
007 t|
008 070918s1959 sp ||||1| spa d
080 _a796.891
100 1 _aYerkow, Charles.
_9117622
245 1 0 _aJudo katas /
_cCharles Yerkow ; [traducción de Juan Legorburo].
250 _a[2ª ed.].
260 _aBarcelona :
_bHispano-Europea : [Saturno,
_c1959]
300 _a171 p. ;
_c20 cm.
490 1 _aHerakles. Serie T. Técnicas deportivas
650 1 4 _aJudo.
_914008
700 1 _aLegorburo, Juan.
_971285
830 0 _aHerakles. Serie T. Técnicas deportivas
_9220366
852 _aES-MaACL
_jC-17000
_bR.45507
999 _c140861
_d140861